| 000 | 00610nam a2200181Ia 4500 | ||
|---|---|---|---|
| 008 | 151202s9999||||xx |||||||||||||| ||und|| | ||
| 082 | _bPNVM-38772 | ||
| 100 | _aगोडसे म.द. | ||
| 245 | _aसंगीत शास्त्र परिचय. | ||
| 260 | _b"मुरंजन प्रकाशन,पुणे." | ||
| 260 | _c1992 | ||
| 300 | _a150 | ||
| 600 | _aगोडसे म.द. | ||
| 630 | _aसंगीत शास्त्र परिचय. | ||
| 700 | _aगोडसे म.द. | ||
| 730 | _aसंगीत शास्त्र परिचय. | ||
| 942 | _cBOOK | ||
| 999 |
_c1304724 _d1304721 |
||